| LEADER |
01569nam0a2200205 450 |
| 001 |
16868249 |
| 010 |
|
|
|a 978-2-7021-6174-6Â
|b br.Â
|d 19,5 €Â
|
| 100 |
|
|
|a 20191016d2020 u u0frey01 baÂ
|
| 101 |
0 |
|
|a freÂ
|
| 102 |
|
|
|a FRÂ
|
| 200 |
0 |
|
|a Coin de parapluie (Un)Â
|f Sylvie BaronÂ
|
| 207 |
|
1 |
|a Â
|
| 210 |
|
|
|a ParisÂ
|b 3 Rue Auber.Â
|c Calmann-LévyÂ
|d 2020Â
|
| 215 |
|
|
|a 1 vol. (390 p.)Â
|d 22 x 14 cmÂ
|
| 225 |
1 |
|
|a TerritoiresÂ
|x 2116-1259Â
|
| 330 |
|
|
|a A Vic-sur-Cère dans le Cantal, la villa Médard en impose par son élégance, ses secrets bien gardés, ses vies forgées autour de lÂ’industrie du parapluie et dÂ’une femme dÂ’affaires exceptionnelle, Hélène Vitarelle. Remarquable dirigeante, au tempérament violent et à lÂ’amour exclusif, elle fait trembler le personnel, plier sa famille, courber les échines. Son assassinat est un coup de tonnerre. Tout accuse son gendre, Jacques Naucelle, qui se suicide en prison, signant ainsi lÂ’aveu de sa culpabilité. La seule à être persuadée de son innocence est sa maîtresse, Nina. La jeune femme ne voit quÂ’une personne capable de faire éclater la vérité : sa tante Joséfa. Bien que dubitative, celle-ci se laisse convaincre par sa nièce de se faire embaucher comme domestique dans la famille Vitarelle pour mener sa propre enquête. Fine mouche sous ses rondeurs avenantes, Joséfa va mettre à nu les rouages dÂ’une diabolique machination.Â
|
| 700 |
|
0 |
|a BaronÂ
|b SylvieÂ
|4Â 70Â
|
| 900 |
|
|
|a RomanÂ
|
| 901 |
|
|
|a AdultesÂ
|
| 995 |
|
|
|a MédiathèqueÂ
|c MédiathèqueÂ
|f 00156008714073Â
|h 00156008714073Â
|k RP BARÂ
|o pÂ
|q aÂ
|r azÂ
|e MédiathèqueÂ
|